[Event "90th GER-ch 2019"]
[Site "Magdeburg"]
[Date "2019.05.28"]
[Round "4.5"]
[White "Kvetny, Mark"]
[Black "Paul, Johannes"]
[Result "1/2-1/2"]
[WhiteElo "2414"]
[BlackElo "2364"]
[Annotator "TA"]
[PlyCount "138"]
[EventDate "2019.05.26"]
[EventType "tourn"]
[EventCountry "GER"]
[SourceTitle "playchess.com"]
[Source "ChessBase"]
[SourceQuality "1"]

{[%evp 9,138,5,7,0,10,6,2,13,33,21,14,25,39,39,104,106,116,40,60,46,48,45,52,41,82,16,76,65,59,37,55,47,81,84,128,118,132,147,170,175,177,160,191,209,225,200,197,170,367,370,313,312,171,13,15,8,196,108,450,235,417,178,170,133,98,0,0,-99,-109,-95,0,0,0,0,0,0,0,-48,-50,-55,-58,-52,-59,-52,-52,-48,-44,-38,0,0,-5,-85,11,12,11,18,18,14,16,0,0,0,12,-58,-64,-383,-357,-388,-371,-370,-369,-335,-169,-172,-29,-29,0,0,0,0,0,0,0,0,0,0,0,0,0,0,0]} 1. c4 Nf6 2. Nc3 g6 3. g3 Bg7 4. Bg2 O-O 5. d3 c5 6. e3 {A16: English Opening: 1...Nf6 with ...d5} Nc6 7. Nge2 e6 (7... e5 8. b3 d6 9. Bb2 Ne8 10. O-O Nc7 11. Qd2 a6 12. Nd5 Nxd5 13. cxd5 Ne7 {1-0 (49) Rakhmanov,A (2629)-Amonatov,F (2614) St Petersburg 2018}) 8. O-O d6 9. Rb1 Rb8 10. a3 Qe7 $146 ({Predecessor:} 10... Ne7 11. b4 b6 12. Qc2 Bb7 13. Ne4 Nxe4 14. dxe4 cxb4 15. axb4 Qc7 16. Ba3 Rfc8 17. Rfc1 d5 18. c5 {½-½ (18) Just,J (2029)-Meiwald,G (2055) Dresden 2010}) 11. b4 Ne5 (11... Bd7 $14) 12. f4 $16 Ned7 13. h3 (13. bxc5 $16 dxc5 14. e4) 13... b6 $14 14. e4 Ne8 15. Be3 Bb7 16. Qd2 a6 17. Rbd1 (17. Rfd1 $16) 17... Nc7 (17... f5 $11) 18. d4 $16 Rfd8 19. d5 exd5 20. cxd5 Ne8 21. g4 a5 22. b5 $1 Nf8 23. g5 h6 24. h4 $1 hxg5 25. hxg5 f6 26. f5 $1 Bc8 27. Nf4 gxf5 28. Nh5 Bh8 $2 (28... fxg5 {might work better.} 29. exf5 (29. Nxg7 f4 $11) 29... Be5) 29. exf5 $18 Qh7 30. Qe2 ({Not} 30. Ng3 fxg5 31. Nce4 Rd7 $16) 30... Bxf5 31. Qf3 $2 (31. Rxf5 $18 Qxf5 32. Rf1) 31... Bg6 $1 $11 {[%cal Rg6h5]} 32. Nf4 Bf7 $2 (32... f5 $11 {and Black has nothing to worry.} 33. Nce2 Be5) 33. Ne4 ({White should play} 33. Bh3 $18) 33... Ng6 $2 {[%mdl 8192]} (33... f5 $16 34. g6 Nxg6) 34. Ne6 (34. Nxg6 $142 {aiming for Ne7+.} Qxg6 35. gxf6) 34... Nh4 $2 (34... Ne5 {was necessary.} 35. Qh3 Bg6) 35. Qf4 (35. Qg3 $142 f5 36. Nf6+ Nxf6 37. gxf6+ Qg6 38. Qxh4 Bxf6 39. Qh3 Bxe6 40. dxe6) 35... f5 $18 {[#]} 36. g6 $1 {[%cal Rg6h7]} ({Inferior is} 36. Nxd8 Rxd8 37. g6 Bxg6 $11) 36... Bxg6 37. N4g5 ({Better is} 37. Qg5 $16 Be5 38. Bf4) 37... Qh5 $11 38. Nf3 (38. Qg3 $1 $11 {remains equal.}) 38... Nxg2 $17 39. Kxg2 {[#]} Rd7 (39... Nf6 $1 $17 40. Nxd8 Rxd8) 40. Rh1 Qg4+ 41. Kf2 $1 Qxf4 $1 42. Nxf4 {Threatens to win with Rdg1.} Rg7 {Strongly threatening ...Nf6.} 43. Ne6 Nf6 44. Nxg7 Ng4+ 45. Ke2 Bxg7 46. Bf4 Re8+ 47. Kd2 Re4 48. Bxd6 Ne3 {And now ...Nc4+ would win.} 49. Rdg1 $36 {[%mdl 2048] White fights for an advantage.} Nc4+ 50. Kd1 (50. Kc1 $1 $11 Bf7 51. Ng5 Nxd6 52. Nxe4 Nxe4 53. Rh6) 50... Rg4 (50... Be8 $17 51. Bc7 Bxb5) 51. Bc7 $11 Ne3+ 52. Kd2 Nxd5 53. Be5 Nf6 54. Bc7 Nd5 55. Be5 Nf6 56. Ba1 (56. Kc1 $11) 56... Ne4+ $15 57. Ke3 $2 {[%mdl 8192]} ({White must play} 57. Kc2 $15) 57... f4+ $19 58. Ke2 Ng3+ {[%mdl 64] Double Attack} 59. Kf2 Nxh1+ 60. Rxh1 Be4 (60... Rg3 $142 61. Bxg7 Be4) 61. Re1 Bxf3 ({Black should try} 61... Bd5 $19 62. Rd1 Bxa1 63. Rxd5 Rg6) 62. Kxf3 $11 Rg3+ 63. Kxf4 {The position is equal.} Rxa3 64. Bxg7 $1 {Hoping for Re7.} Kxg7 {KR-KR} 65. Re6 Rb3 66. Rxb6 a4 67. Ra6 Rb4+ 68. Ke5 c4 69. Kd4 {b6 is the strong threat.} Rxb5 {Accuracy: White = 34%, Black = 41%.} 1/2-1/2

[Event "90th GER-ch 2019"]
[Site "Magdeburg"]
[Date "2019.05.28"]
[Round "4.6"]
[White "Svane, Frederik"]
[Black "Stern, Rene"]
[Result "1/2-1/2"]
[WhiteElo "2342"]
[BlackElo "2538"]
[Annotator "TA"]
[PlyCount "154"]
[EventDate "2019.05.26"]
[EventType "tourn"]
[EventCountry "GER"]
[SourceTitle "playchess.com"]
[Source "ChessBase"]
[SourceQuality "1"]

{[%evp 20,154,20,22,27,17,6,8,27,-7,-5,-21,-28,-23,-22,-26,-15,-40,-22,-28,-16,-14,-27,-22,-23,-22,-18,-22,-30,-30,-23,-17,-27,-34,-34,-34,-34,-34,-34,-41,-34,-67,-34,-67,-67,-67,-64,-64,-64,-67,-67,-67,-67,-62,-63,-70,-70,-70,-70,-88,-88,-155,-158,-160,-120,-122,0,-114,-88,-140,-76,-76,-66,-66,-66,-136,-114,-114,-124,-125,-83,-137,-70,-87,-87,-100,-96,-108,-102,-89,-67,-83,-66,-66,-66,-66,-60,-160,0,-66,-56,-83,-60,-57,-58,-179,-181,-127,-127,-125,-169,-247,-203,-170,0,0,0,0,0,0,0,0,0,0,0,0,0,0,0,0,0,0,0,0,0,0,0]} 1. e4 e5 2. Nf3 Nc6 3. Bb5 a6 4. Ba4 Nf6 5. O-O Be7 6. d3 d6 7. c3 O-O 8. Re1 Re8 9. Nbd2 Bf8 10. Nf1 h6 11. Ng3 b5 {C77: Ruy Lopez: 3...a6 4 Ba4 Nf6, unusual lines} 12. Bc2 d5 13. a4 {[#] Hoping for axb5.} b4 $146 ({Predecessor:} 13... dxe4 14. dxe4 Qxd1 15. Bxd1 b4 16. h3 bxc3 17. bxc3 Rb8 18. a5 Na7 19. Ba4 {0-1 (79) Vachier Lagrave,M (2779)-Dominguez Perez,L (2739) chess.com INT 2018}) 14. h3 dxe4 15. dxe4 Qxd1 16. Rxd1 bxc3 17. bxc3 Na5 18. Rb1 g6 19. Nf1 Bb7 20. N3d2 Bc6 21. Ne3 Bc5 22. Re1 Kg7 23. Nec4 Nxc4 24. Nxc4 a5 25. Kf1 Nd7 26. Ke2 h5 27. Bg5 f6 28. Bc1 h4 29. Rd1 Nf8 30. Be3 Ne6 31. f3 Bxe3 32. Kxe3 Nc5 33. Ra1 Kf7 34. Kf2 Ke7 35. Rd2 Red8 36. Rxd8 Kxd8 37. Ke3 Ke7 38. Ke2 Bd7 39. Nb2 Be6 40. Ke3 (40. Nd1 $142) 40... Rb8 $17 41. Nd1 Bc4 42. Kd2 Be6 (42... Rd8+ $17 43. Kc1 Ke6) 43. Ne3 (43. Ke3 $1 $11) 43... c6 44. Kc1 {[#]} (44. Ke1 $142) 44... Kd6 (44... f5 $142 $1 {[%mdl 512]} 45. Rb1 (45. exf5 gxf5 46. Rb1 Rxb1+ 47. Kxb1 e4 $17) 45... Rxb1+ 46. Kxb1 fxe4 47. Bxe4 Nxe4 48. fxe4 Kf6) 45. Rb1 Rd8 46. Kd2 Kc7+ 47. Kc1 {[#]} (47. Ke1 $15) 47... Bc8 $1 48. Rb2 Ba6 49. Ng4 Rd6 50. Ne3 (50. Ra2 $142) 50... Be2 ({Black should try} 50... Nd3+ $17 51. Bxd3 Rxd3) 51. Ra2 Rd8 52. Rb2 Bd3 53. Ra2 Ba6 54. Rb2 Rf8 55. Kd2 Ne6 56. Ke1 Nf4 57. Bb1 Rd8 58. Ng4 {[#]} (58. Rd2 $15) 58... Rf8 ({Better is} 58... Bd3 $1 $17 59. Nxf6 Bxb1 60. Rxb1 Nxg2+ 61. Kf1 Ne3+ 62. Ke2 Nc4) 59. Ne3 $15 Bc8 60. Nc4 Be6 61. Ne3 $1 Rd8 62. Nd1 (62. Rd2 $1 $15) 62... Rd7 63. Ne3 {[#]} Rd3 $1 {[%cal Rd3e3][%mdl 512]} 64. Nd1 (64. Bxd3 Nxd3+) 64... Bc4 65. Ba2 (65. Rf2 $142) 65... Bxa2 66. Rxa2 $19 {[%mdl 4096] Endgame KRN-KRN} Ne6 $2 ({Black should play} 66... Kb6 $19 {aiming for ...Kc5.} 67. Rc2 Kc5) 67. Rd2 $11 {The position is equal.} Nc5 68. Rxd3 Nxd3+ {KN-KN} 69. Ke2 Nf4+ 70. Kf2 Kd6 71. Nb2 Kc5 72. Kf1 $1 f5 73. Kf2 Nh5 74. Nd3+ Kd6 75. Nb2 Kc5 76. Nd3+ Kd6 77. Nb2 Kc5 {Accuracy: White = 52%, Black = 68%.} 1/2-1/2

[Event "90th GER-ch 2019"]
[Site "Magdeburg"]
[Date "2019.05.28"]
[Round "4.7"]
[White "Becker, Marcel"]
[Black "Lubbe, Nikolas"]
[Result "1-0"]
[WhiteElo "2308"]
[BlackElo "2431"]
[Annotator "RC"]
[PlyCount "115"]
[EventDate "2019.05.26"]
[EventType "tourn"]
[EventCountry "GER"]
[SourceTitle "playchess.com"]
[Source "ChessBase"]
[SourceQuality "1"]
[TimeControl "40/5400+30:1800+30"]

1. d4 {[%emt 0:00:00]} Nf6 {[%emt 0:00:00]} 2. c4 {[%emt 0:00:00]} c5 {[%emt 0:00:00]} 3. d5 {[%emt 0:00:00]} e6 {[%emt 0:00:00]} 4. Nc3 {[%emt 0:00:07]} exd5 {[%emt 0:00:12]} 5. cxd5 {[%emt 0:00:22]} d6 {[%emt 0:00:08]} 6. e4 {[%emt 0:00:47]} g6 {[%emt 0:00:19]} 7. Nf3 {[%emt 0:01:15]} Bg7 {[%emt 0:00:29]} 8. h3 {[%emt 0:00:17]} O-O {[%emt 0:00:12]} 9. Bd3 {[%emt 0:00:07]} a6 {[%emt 0:00:16]} 10. a4 {[%emt 0:00:12]} Nbd7 {[%emt 0:00:19]} 11. O-O {[%emt 0:00:23]} Qe7 {[%emt 0:00:23]} 12. Re1 {[%emt 0:01:04]} Ne8 {[%emt 0:03:50]} 13. Bg5 {[%emt 0:04:07]} f6 {[%emt 0:02:04]} 14. Bf4 {[%emt 0:01:03]} Ne5 {[%emt 0:02:55]} 15. Bf1 {[%emt 0:04:08]} Nc7 {[%emt 0:05:10]} 16. Rb1 {[%emt 0:08:05]} a5 {[%emt 0:02:56]} 17. Nd2 {[%emt 0:02:39]} Na6 {[%emt 0:03:59]} 18. Bg3 {[%emt 0:09:11]} g5 {[%emt 0:01:17]} 19. Nc4 {[%emt 0:03:00]} Nb4 {[%emt 0:09:34]} 20. Nb5 {[%emt 0:02:57]} Rd8 {[%emt 0:10:18]} 21. Bxe5 {[%emt 0:03:51]} fxe5 {[%emt 0:10:08]} 22. Be2 {[%emt 0:01:57]} Ra6 {[%emt 0:02:09]} 23. Bg4 {[%emt 0:01:15]} Bxg4 {[%emt 0:01:19]} 24. hxg4 {[%emt 0:00:34]} Bf8 {[%emt 0:08:33]} 25. Ra1 {[%emt 0:01:55]} Raa8 {[%emt 0:05:03]} 26. Ra3 {[%emt 0:01:29]} Ra6 {[%emt 0:04:40]} 27. Rh3 {[%emt 0:03:29]} Rd7 {[%emt 0:00:29]} 28. Qd2 {[%emt 0:01:36]} Qd8 {[%emt 0:01:46]} 29. Rh5 {[%emt 0:02:00]} Rg7 {[%emt 0:00:11]} 30. g3 {[%emt 0:01:53]} Ra8 {[%emt 0:00:31]} 31. Kg2 {[%emt 0:00:38]} b6 {[%emt 0:01:04]} 32. Reh1 {[%emt 0:00:28]} Rb8 {[%emt 0:02:26]} 33. Ne3 {[%emt 0:03:25]} Rbb7 {[%emt 0:00:27]} 34. Nf5 {[%emt 0:02:04]} Rg6 {[%emt 0:00:08]} 35. b3 {[%emt 0:01:24]} Rd7 {[%emt 0:03:39]} 36. R1h2 {[%emt 0:00:59]} Na6 {[%emt 0:03:19]} 37. Na3 {[%emt 0:06:19]} Nc7 {[%emt 0:01:31]} 38. f3 {[%emt 0:04:09]} Ne8 {[%emt 0:03:23]} 39. Qc1 {[%emt 0:02:55]} Rb7 {[%emt 0:06:31]} 40. Rh1 {[%emt 0:05:22]} Kh8 {[%emt 0:02:21]} 41. Nb5 {[%emt 0:31:31]} Kg8 {[%emt 0:30:48]} 42. Qc4 {[%emt 0:00:39]} Nf6 {[%emt 0:01:18]} 43. R5h2 {[%emt 0:00:10]} Qd7 {[%emt 0:01:54]} 44. Na3 {[%emt 0:00:40]} Ra7 {[%emt 0:00:00]} 45. Qb5 {[%emt 0:00:00]} Qxb5 {[%emt 0:00:00]} 46. Nxb5 {[%emt 0:00:00]} Rd7 {[%emt 0:00:00]} 47. Ne3 {[%emt 0:00:00]} Rb7 {[%emt 0:00:00]} 48. Kf2 {[%emt 0:00:00]} Rgg7 {[%emt 0:00:00]} 49. Ke2 {[%emt 0:00:00]} Rgd7 {[%emt 0:00:00]} 50. Nf5 {[%emt 0:00:00]} Rb8 {[%emt 0:00:00]} 51. Kd3 {[%emt 0:00:00]} Kf7 {[%emt 0:00:00]} 52. Rxh7+ {[%emt 0:00:00]} Nxh7 {[%emt 0:00:00]} 53. Rxh7+ {[%emt 0:00:00]} Ke8 {[%emt 0:00:00]} 54. Rh8 {[%emt 0:00:00]} Kf7 {[%emt 0:00:00]} 55. Rh7+ {[%emt 0:00:00]} Ke8 {[%emt 0:00:00]} 56. Rh5 {[%emt 0:00:00]} Kf7 {[%emt 0:00:00]} 57. Rxg5 {[%emt 0:00:00]} Rbd8 {[%emt 0:00:00]} 58. Rh5 {[%emt 0:00:00]} 1-0

[Event "90th GER-ch 2019"]
[Site "Magdeburg"]
[Date "2019.05.28"]
[Round "4.8"]
[White "Roseneck, Jonas"]
[Black "Krastev, Alexander"]
[Result "1-0"]
[WhiteElo "2403"]
[BlackElo "2344"]
[Annotator "TA"]
[PlyCount "81"]
[EventDate "2019.05.26"]
[EventType "tourn"]
[EventCountry "GER"]
[SourceTitle "playchess.com"]
[Source "ChessBase"]
[SourceQuality "1"]

{[%evp 24,81,38,38,37,33,33,5,0,0,0,0,44,51,61,28,76,71,58,60,88,70,120,106,163,97,156,106,127,114,138,140,141,135,260,247,234,183,214,229,530,514,510,402,349,297,258,255,257,264,730,728,1019,1012,977,829,1423,1334,1207,1112]} 1. e4 e5 2. Nf3 Nc6 3. Bb5 a6 4. Ba4 Nf6 5. O-O Be7 6. Re1 b5 7. Bb3 d6 8. c3 O-O 9. h3 Nb8 10. d4 Nbd7 11. c4 Bb7 12. Nc3 c6 13. a3 Re8 {C95: Closed Ruy Lopez: Breyer Variation with 10 d4} (13... Rb8 14. Be3 Ba8 15. Qc2 h6 16. Rad1 Qc7 17. Ba2 Rbc8 18. Rc1 Qb8 19. Nh4 Rfe8 20. Nf5 Bf8 21. cxb5 axb5 {0-1 (46) Smirin,I (2609)-Kamsky,G (2666) St Petersburg 2018}) 14. Be3 Bf8 15. Ba2 exd4 {The position is equal.} 16. Bxd4 c5 17. Bxf6 Nxf6 (17... Qxf6 {looks sharper.} 18. cxb5 axb5 19. Bd5 Rab8 20. Bxb7 Rxb7 21. Qd5 Rbb8) 18. cxb5 $146 ({Predecessor:} 18. Qd3 b4 19. Nd5 Bxd5 20. cxd5 bxa3 21. bxa3 Nd7 22. Rab1 Ne5 {½-½ (22) Pares Peris,J (2128)-Porras Mateo,F (2331) Santa Eulalia de Roncana 2017}) 18... axb5 {[%cal Rf6e4]} 19. e5 $1 {[%cal Re5f6]} Bxf3 20. Qxf3 dxe5 21. Nxb5 e4 22. Qg3 Qd7 23. Bc4 {Threatens to win with Rad1.} Rad8 (23... Qd2 $16) 24. Qb3 (24. a4 $18) 24... Qb7 ({Better is} 24... g6) 25. Rad1 Rxd1 26. Rxd1 h6 27. a4 {[%cal Ba3a4,Ba4a5,Ba5a6][%mdl 32]} Ra8 28. Ra1 g6 (28... Ra5 $16 {might work better.} 29. Qc3 Qb6) 29. a5 $18 Kg7 30. Qa2 Ra6 31. Nc3 Rd6 $2 (31... Ra8 {is a better chance.} 32. a6 Qe7) 32. a6 Qa8 33. Qb3 e3 34. fxe3 {[#] Black must now prevent a7.} Rd2 {[%csl Gd2][%cal Ra8g2]} 35. Qb7 Qxb7 36. axb7 Rxb2 $2 (36... Nd7 37. b3 Nb8) 37. Nb5 {White is clearly winning.} Nd7 38. Rd1 Nb8 39. Rd8 Nc6 40. Rc8 Rb1+ 41. Kf2 {Accuracy: White = 75%, Black = 33%.} 1-0

[Event "90th GER-ch 2019"]
[Site "Magdeburg"]
[Date "2019.05.28"]
[Round "4.9"]
[White "Winterberg, Lukas"]
[Black "Gungl, Theo"]
[Result "1-0"]
[WhiteElo "2376"]
[BlackElo "2331"]
[Annotator "TA"]
[PlyCount "75"]
[EventDate "2019.05.26"]
[EventType "tourn"]
[EventCountry "GER"]
[SourceTitle "playchess.com"]
[Source "ChessBase"]
[SourceQuality "1"]

{[%evp 21,75,0,0,-48,-26,-25,-23,-59,-53,-61,-62,-87,-85,-87,-101,-171,-167,-188,-175,-165,-59,-56,-56,-54,-39,-64,-57,-54,-59,-66,-15,-49,-27,-50,-32,-38,-36,-31,-29,-61,0,-72,324,317,326,325,325,317,298,250,263,249,5310,2381,29993,1011]} 1. d4 d5 2. Nf3 Nf6 3. c4 c6 4. Nc3 e6 5. e3 Nbd7 6. Qc2 Bd6 7. Bd3 O-O 8. O-O dxc4 9. Bxc4 a6 10. a3 b5 11. Bd3 Bb7 12. h3 {D46: Semi-Slav: 5 e3 Nbd7 6 Bd3, Black avoids the Meran} (12. b4 a5 13. Rb1 axb4 14. axb4 Qe7 15. e4 e5 16. Ne2 Bxb4 17. Ng3 g6 18. dxe5 Ng4 19. Bg5 Qc5 20. e6 fxe6 21. Qb3 Nde5 22. Qxe6+ Rf7 23. Nxe5 Nxe5 {1-0 (38) Morozevich,A (2700)-Navara,D (2708) Reggio Emilia 2011}) 12... c5 13. Ng5 {[%cal Rd3h7]} h6 14. Nge4 {Black has an edge.} Bb8 15. dxc5 Nxc5 16. Nxc5 Qc7 {[%csl Gb8][%cal Rc7h2]} 17. f4 Qxc5 18. Qf2 $146 (18. b4 $17 {is a better defense.} Qc6 19. Bb2) ({Predecessor:} 18. b4 Qb6 19. Ne4 Nxe4 20. Bxe4 {0-1 (28) Guaimare,C (1797)-Groves,P (1778) IECG email 2006}) 18... Ba7 19. Kh2 Rad8 20. Qe2 Nd5 (20... e5 $1 $19 21. f5 e4) 21. Nxd5 $1 $15 Qxd5 22. Rd1 Qc6 23. b4 Qb6 24. Ra2 {[%cal Ba1a2,Ba2b2,Bb2b3,Bb3g3][%mdl 32]} Bd5 25. Rb2 {[#]} Rd7 (25... e5 $1 $15 {[%mdl 512]}) 26. e4 Bc6 27. Rb3 Rfd8 28. Rf1 Bb7 29. Bb1 {aiming for Be3.} Qc6 30. Rg3 Bd4 ({Better is} 30... Qc4 $1 $15 31. Qf3 Qxf1 32. Qxf1 Rd1) 31. e5 {[#]} (31. Qg4 $11 Qd6 32. e5) 31... Kf8 $2 {[%mdl 8192] [#]} (31... Qc4 $1 $17 {[%cal Rc4e2] stays on course.} 32. Re1 Qxe2 33. Rxe2 Rc8) 32. Qg4 $1 $18 {[%cal Rg4g7]} f5 33. exf6 Bxf6 34. Be3 {Strongly threatening Rc1.} Rd5 35. f5 exf5 36. Bxf5 Bc8 $2 (36... Qc4 37. Bxh6 Qxg4 38. Bxg4 Ke7) 37. Bxc8 {White threatens Qxg7+ and mate.} Rxc8 38. Qxg7+ {[%mdl 64] Double Attack. Accuracy: White = 51%, Black = 38%.} 1-0

[Event "90th GER-ch 2019"]
[Site "Magdeburg"]
[Date "2019.05.28"]
[Round "4.10"]
[White "Pajeken, Jakob Leon"]
[Black "Trifan, Andrei Ioan"]
[Result "1/2-1/2"]
[WhiteElo "2359"]
[BlackElo "2268"]
[Annotator "ChessBase"]
[PlyCount "71"]
[EventDate "2019.05.26"]
[EventType "tourn"]
[EventCountry "GER"]
[SourceTitle "playchess.com"]
[Source "ChessBase"]
[SourceQuality "1"]
[TimeControl "40/5400+30:1800+30"]

1. d4 {[%emt 0:00:00]} Nf6 {[%emt 0:00:46]} 2. Nf3 {[%emt 0:00:00]} g6 {[%emt 0:01:02]} 3. g3 {[%emt 0:00:08]} Bg7 {[%emt 0:00:05]} 4. Bg2 {[%emt 0:00:27]} O-O {[%emt 0:01:06]} 5. O-O {[%emt 0:00:11]} d6 {[%emt 0:01:01]} 6. b3 {[%emt 0:00:16]} Nbd7 {[%emt 0:04:47]} 7. Bb2 {[%emt 0:00:19]} e5 {[%emt 0:01:40]} 8. dxe5 {[%emt 0:00:15]} Ng4 {[%emt 0:00:17]} 9. c4 {[%emt 0:00:28]} Ngxe5 {[%emt 0:02:28]} 10. Nxe5 {[%emt 0:00:49]} Nxe5 {[%emt 0:04:06]} 11. Qd2 {[%emt 0:02:51]} a5 {[%emt 0:07:34]} 12. Nc3 {[%emt 0:05:25]} a4 {[%emt 0:05:50]} 13. Nxa4 {[%emt 0:20:56]} Nxc4 {[%emt 0:07:32]} 14. bxc4 {[%emt 0:02:25]} Rxa4 {[%emt 0:00:41]} 15. Bxg7 {[%emt 0:00:17]} Kxg7 {[%emt 0:00:10]} 16. Bxb7 {[%emt 0:00:43]} Bxb7 {[%emt 0:03:51]} 17. Qb2+ {[%emt 0:00:13]} Kg8 {[%emt 0:01:48]} 18. Qxb7 {[%emt 0:00:08]} Rxc4 {[%emt 0:00:07]} 19. Qb3 {[%emt 0:09:26]} Rc5 {[%emt 0:09:21]} 20. Rfc1 {[%emt 0:01:20]} Rxc1+ {[%emt 0:03:28]} 21. Rxc1 {[%emt 0:00:05]} Qb8 {[%emt 0:01:44]} 22. Qd5 {[%emt 0:05:18]} Qa8 {[%emt 0:04:20]} 23. Qc4 {[%emt 0:00:55]} d5 {[%emt 0:00:48]} 24. Qg4 {[%emt 0:04:39]} Qxa2 {[%emt 0:01:33]} 25. Rxc7 {[%emt 0:00:06]} Qb1+ {[%emt 0:00:12]} 26. Kg2 {[%emt 0:00:21]} Qe4+ {[%emt 0:00:26]} 27. Qf3 {[%emt 0:00:11]} Re8 {[%emt 0:05:00]} 28. Rd7 {[%emt 0:02:33]} Re5 {[%emt 0:02:24]} 29. e3 {[%emt 0:00:44]} f5 {[%emt 0:01:19]} 30. h4 {[%emt 0:02:03]} h6 {[%emt 0:03:43]} 31. h5 {[%emt 0:01:49]} gxh5 {[%emt 0:08:04]} 32. Rd6 {[%emt 0:01:00]} Kh7 {[%emt 0:00:54]} 33. Rd8 {[%emt 0:01:40]} Kg7 {[%emt 0:01:11]} 34. Rd6 {[%emt 0:00:21]} Kh7 {[%emt 0:00:09]} 35. Rd8 {[%emt 0:00:19]} Kg7 {[%emt 0:00:42]} 36. Rd6 {[%emt 0:00:19]} 1/2-1/2

[Event "90th GER-ch 2019"]
[Site "Magdeburg"]
[Date "2019.05.28"]
[Round "4.11"]
[White "Schulz, Karsten"]
[Black "Maetzkow, Maximilian Paul"]
[Result "1/2-1/2"]
[WhiteElo "2227"]
[BlackElo "2338"]
[Annotator "ChessBase"]
[PlyCount "75"]
[EventDate "2019.05.26"]
[EventType "tourn"]
[EventCountry "GER"]
[SourceTitle "playchess.com"]
[Source "ChessBase"]
[SourceQuality "1"]
[TimeControl "40/5400+30:1800+30"]

1. Nf3 {[%emt 0:00:00]} Nf6 {[%emt 0:00:00]} 2. g3 {[%emt 0:00:00]} b6 {[%emt 0:00:00]} 3. Bg2 {[%emt 0:00:00]} Bb7 {[%emt 0:00:00]} 4. c4 {[%emt 0:00:00]} e6 {[%emt 0:00:00]} 5. b3 {[%emt 0:00:02]} Be7 {[%emt 0:00:05]} 6. Bb2 {[%emt 0:00:06]} O-O {[%emt 0:00:21]} 7. O-O {[%emt 0:00:09]} c5 {[%emt 0:00:39]} 8. Nc3 {[%emt 0:00:09]} d6 {[%emt 0:00:08]} 9. d3 {[%emt 0:00:08]} Nbd7 {[%emt 0:00:16]} 10. e4 {[%emt 0:00:09]} a6 {[%emt 0:00:40]} 11. Ng5 {[%emt 0:00:10]} Qc7 {[%emt 0:14:53]} 12. f4 {[%emt 0:00:14]} Bc6 {[%emt 0:09:14]} 13. g4 {[%emt 0:03:49]} b5 {[%emt 0:03:42]} 14. Nh3 {[%emt 0:01:13]} b4 {[%emt 0:01:18]} 15. Nb1 {[%emt 0:00:14]} d5 {[%emt 0:00:44]} 16. g5 {[%emt 0:07:31]} Ne8 {[%emt 0:01:55]} 17. Qh5 {[%emt 0:04:56]} dxe4 {[%emt 0:02:31]} 18. dxe4 {[%emt 0:01:17]} f5 {[%emt 0:45:49]} 19. Nd2 {[%emt 0:05:15]} g6 {[%emt 0:00:55]} 20. Qe2 {[%emt 0:00:23]} Rf7 {[%emt 0:01:50]} 21. Rad1 {[%emt 0:05:22]} Rd8 {[%emt 0:00:46]} 22. Rfe1 {[%emt 0:01:16]} Nd6 {[%emt 0:01:37]} 23. exf5 {[%emt 0:01:14]} exf5 {[%emt 0:00:09]} 24. Nf3 {[%emt 0:03:26]} Ne4 {[%emt 0:01:33]} 25. Ne5 {[%emt 0:02:45]} Nxe5 {[%emt 0:00:11]} 26. Bxe5 {[%emt 0:00:45]} Bd6 {[%emt 0:00:55]} 27. Bxe4 {[%emt 0:03:32]} Bxe4 {[%emt 0:02:58]} 28. Rxd6 {[%emt 0:12:05]} Rxd6 {[%emt 0:00:32]} 29. Bxd6 {[%emt 0:01:09]} Qxd6 {[%emt 0:00:07]} 30. Rd1 {[%emt 0:00:13]} Qc7 {[%emt 0:01:28]} 31. Qd2 {[%emt 0:01:27]} Re7 {[%emt 0:00:52]} 32. Qd8+ {[%emt 0:03:28]} Qxd8 {[%emt 0:01:32]} 33. Rxd8+ {[%emt 0:00:02]} Kg7 {[%emt 0:01:03]} 34. Kf2 {[%emt 0:02:17]} Bb1 {[%emt 0:01:38]} 35. Rd2 {[%emt 0:00:21]} Be4 {[%emt 0:00:08]} 36. Rd8 {[%emt 0:00:14]} Bb1 {[%emt 0:00:05]} 37. Rd2 {[%emt 0:00:10]} Be4 {[%emt 0:00:06]} 38. Rd8 {[%emt 0:00:22]} 1/2-1/2

[Event "90th GER-ch 2019"]
[Site "Magdeburg"]
[Date "2019.05.28"]
[Round "4.12"]
[White "Wachinger, Nikolas"]
[Black "Bastian, Herbert"]
[Result "1-0"]
[WhiteElo "2311"]
[BlackElo "2297"]
[Annotator "ChessBase"]
[PlyCount "69"]
[EventDate "2019.05.26"]
[EventType "tourn"]
[EventCountry "GER"]
[SourceTitle "playchess.com"]
[Source "ChessBase"]
[SourceQuality "1"]
[TimeControl "40/5400+30:1800+30"]

1. e4 {[%emt 0:00:00]} e5 {[%emt 0:00:48]} 2. Nf3 {[%emt 0:00:00]} Nc6 {[%emt 0:00:09]} 3. Bb5 {[%emt 0:00:00]} Nf6 {[%emt 0:00:41]} 4. d3 {[%emt 0:01:16]} d6 {[%emt 0:01:37]} 5. O-O {[%emt 0:01:34]} Be7 {[%emt 0:03:05]} 6. c3 {[%emt 0:05:07]} O-O {[%emt 0:00:14]} 7. Nbd2 {[%emt 0:00:13]} a6 {[%emt 0:02:21]} 8. Bxc6 {[%emt 0:05:31]} bxc6 {[%emt 0:00:09]} 9. d4 {[%emt 0:00:08]} exd4 {[%emt 0:04:06]} 10. cxd4 {[%emt 0:00:37]} d5 {[%emt 0:02:35]} 11. e5 {[%emt 0:11:47]} Ne4 {[%emt 0:08:48]} 12. Qc2 {[%emt 0:02:52]} Bf5 {[%emt 0:17:20]} 13. Qxc6 {[%emt 0:01:55]} Rb8 {[%emt 0:00:31]} 14. Qxa6 {[%emt 0:02:21]} Rb6 {[%emt 0:00:07]} 15. Qe2 {[%emt 0:01:02]} Rg6 {[%emt 0:00:08]} 16. Re1 {[%emt 0:03:33]} h5 {[%emt 0:16:30]} 17. Nf1 {[%emt 0:04:08]} h4 {[%emt 0:01:30]} 18. Ne3 {[%emt 0:01:42]} Be6 {[%emt 0:00:08]} 19. Nd2 {[%emt 0:00:38]} c5 {[%emt 0:04:57]} 20. Nxd5 {[%emt 0:07:35]} Bxd5 {[%emt 0:01:00]} 21. Nxe4 {[%emt 0:00:07]} cxd4 {[%emt 0:00:12]} 22. Qd3 {[%emt 0:02:50]} f5 {[%emt 0:03:18]} 23. exf6 {[%emt 0:00:49]} Bxf6 {[%emt 0:00:14]} 24. Bf4 {[%emt 0:06:48]} Qd7 {[%emt 0:04:40]} 25. h3 {[%emt 0:05:22]} Qf5 {[%emt 0:07:50]} 26. Bh2 {[%emt 0:02:24]} Bd8 {[%emt 0:07:46]} 27. Kh1 {[%emt 0:00:46]} Bb6 {[%emt 0:01:45]} 28. f3 {[%emt 0:00:35]} Rc8 {[%emt 0:02:37]} 29. b3 {[%emt 0:03:31]} Rc3 {[%emt 0:00:51]} 30. Nxc3 {[%emt 0:15:58]} Qxd3 {[%emt 0:02:28]} 31. Nxd5 {[%emt 0:00:02]} Ba5 {[%emt 0:03:33]} 32. Ne7+ {[%emt 0:02:06]} Kh7 {[%emt 0:00:38]} 33. Red1 {[%emt 0:00:11]} Qc2 {[%emt 0:01:08]} 34. Nxg6 {[%emt 0:00:10]} Qxg6 {[%emt 0:01:33]} 35. Rxd4 {[%emt 0:00:59]} 1-0